000 00628nam a2200193 a 4500
001 000040690
005 20201002034316.0
008 130905s2011 sp 000 0 spa d
020 _a9788432313950
040 _aDO-SdBNP
_bspa
_cBNPHU
100 1 _aGuerrero Serón, Antonio
_967060
245 1 0 _aEnseñanza y sociedad :
_bel conocimiento sociológico de la educación /
_cAntonio Guerrero Serón.
250 _a3a ed.
260 _aMadrid :
_bSiglo XXI,
_c2011.
300 _a320 p. ;
_c22 cm.
500 _aIncluye índice analítico
500 _aIncluye notas al pie de las páginas
504 _aBibliografía : p. 287-310
999 _c40180
_d40180